00603 2200217 4500001002100000005001700021008004100038035002400079082001300103090002000116100002900136245007500165260004400240300002500284650001200309850002100321980001300342985000600355986000900361999001500370YOGYA-0209000004340820090227030018.0 ind  0010-020900000043408 a576.6482 a576.6482bJon M aJONG, L.E. Den Dooren de aMicroben als vrienden en vijanden van de menscL.E. den Dooren de Jong aBiethovenbUitgeverij H. Nelissenc1951 a297 hlmbilusc23 cm aBakteri aYOPDYOG [TRM 29] a6-9-2007 a1 aRuni a07A0024292